Accounting in the hotel and catering industry

Bibliographic Details
Main Author: Wood, Frank
Other Authors: Lightowlers, P. M.
Format: Book
Published: London, New York : Longman , 1983
Subjects:

MARC

LEADER 00000cam a2200000 7i4500
001 0000000696
005 20021119.0
040 |a INS 
090 0 0 |a HF5686.   |b H75 1983 
100 1 |a Wood, Frank 
245 1 0 |a Accounting in the hotel and catering industry   |c Frank Wood and Peter Lightowlers 
260 |a London, New York :   |b Longman ,   |c 1983 
300 |a 323p. :   |b ill. ;   |c 22 cm. 
650 0 0 |a Caterers and catering   |z Great Britain   |x Accounting 
650 0 0 |a Hotels, taverns, etc   |z Great Britain   |x Accounting 
700 1 |a Lightowlers, P. M. 
999 |a 0000000281   |b BOOK   |c Open Shelf   |e Default branch